000 00584nam a2200181Ia 4500
003 GCL
008 140319s9999 xx 000 0 ara d
040 _aGCL /
_cGCL
082 0 4 _a633.
_bد ت
100 1 _aرفعت محمد هلال
245 1 0 _aتربية محاصيل الخضر تحت الظروف البيئية المغايرة /
_cرفعت محمد هلال
260 _a[S.N] :
_bالمكتبة الاكاديمية ،
_c1994
490 _a
650 0 4 _aالزراعة
650 0 4 _aالمحاصيل الزراعية
650 0 4 _aالخضروات
942 _2ddc
_cBK
999 _c53085
_d53085